00253nam a2200109Ia 4500008004100000100001500041245002800056260002400084650001300108942000700121999001500128190216s9999||||xx |||||||||||||| ||und|| aKapoor N D 0aElements Of Company Law bSulthan Chand&Sons aCommerce cBK c4178d4178